000
00237nam a2200097Ia 4500
008
190216s9999||||xx |||||||||||||| ||und||
100
_a
Thomas A O
245
0
_a
Rasathanthram Nithya Jeevidathil
260
_b
Kerala Basha Inst
942
_c
BK
999
_c
40353
_d
40353